000 00216nam a22000977a 4500
999 _c15852
_d15852
003 OSt
008 191022b ||||| |||| 00| 0 eng d
100 _a Kunjan ,Pillai P N.
_94348
245 _aChandrolsavam
942 _cBK